000 00274nam a2200121Ia 4500
008 190216s9999||||xx |||||||||||||| ||und||
100 _aKapil V Sukumaran
245 0 _aKathaprasangam
260 _bPoorna Pubs Kozhikode
300 _a87
650 _aKathakal
942 _cBK
999 _c26928
_d26928